كيف تصبح لاعب كرة سلة / (رقم التسجيلة. 8369)

تفاصيل مارك
000 -LEADER
fixed length control field 00515nam a22001577a 4500
005 - DATE AND TIME OF LATEST TRANSACTION
control field 20251108164302.0
008 - FIXED-LENGTH DATA ELEMENTS--GENERAL INFORMATION
fixed length control field 250721s1994 xx 000 0 ara d
082 14 - DEWEY DECIMAL CLASSIFICATION NUMBER
Classification number 796.323/مهد
100 1# - MAIN ENTRY--PERSONAL NAME
Personal name مهدي، أحمد كامل حسين
245 10 - TITLE STATEMENT
Title كيف تصبح لاعب كرة سلة /
264 1# - PRODUCTION, PUBLICATION, DISTRIBUTION, MANUFACTURE, AND COPYRIGHT NOTICE
Place of production, publication, distribution, manufacture القاهره :
Name of producer, publisher, distributor, manufacturer مؤسسة مختار - دار عالم المعرفه للنشر و توزيع الكتب،
Date of production, publication, distribution, manufacture, or copyright notice 1994.
300 ## - PHYSICAL DESCRIPTION
Extent 130ص.
650 17 - SUBJECT ADDED ENTRY--TOPICAL TERM
Topical term or geographic name as entry element كرة السلة
942 ## - ADDED ENTRY ELEMENTS (KOHA)
Source of classification or shelving scheme Dewey Decimal Classification
Koha item type كتب
المقتنيات
حالة السحب حالة الفقدان مصدر التصنيف حالة التلف غير قابل للإعارة المكتبة الرئيسية المكتبة الحالية موقع الرف تاريخ التزويد الرقم المتسلسل Total Checkouts رقم الإستدعاء تاريخ آخر ظهور تاريخ الفاتورة نوع المادة (كوها) الباركود
    Dewey Decimal Classification Unchecked   مكتبة الأميرة ايمان العامة مكتبة الأميرة ايمان العامة الإعارة 06/07/2004 3619   796.323/مهد 28/07/2025 06/07/2004 كتب  
    Dewey Decimal Classification     مكتبة الراية الهاشمية للأطفال مكتبة الراية الهاشمية للأطفال الأطفال 13/10/2015 1466161   796.323/مهد 28/07/2025 13/10/2015 كتب PLD00355548
Implemented & Customized by: BBB with SCIT (Smart Chains for Information Technology)

Powered by Koha